LEADER 01047nam a2200253 i 4500 001 991002499549707536 005 20020503170043.0 008 950410s1988 it ||| | ita 035 $ab10373445-39ule_inst 035 $aEXGIL104884$9ExL 040 $aDip.to Filol. Ling. e Lett.$bita 100 1 $aDe Filippis, Adriana$0329417 245 10$aDislessia e disturbi dell'apprendimento :$b[corso di aggiornamento organizzato dalla Silef] :$bAprile 1988 /$ccontributi di Adriana De Filippis ... [et al.] ; conclusioni di Giovanni Motta 260 $aTorino :$bOmega,$cc1988 300 $a93 p., [16] p. di tav. ;$c24 cm. 650 4$aDislessia 650 4$aEducazione linguistica 700 1 $aMotta, Giovanni 907 $a.b10373445$b21-09-06$c27-06-02 912 $a991002499549707536 945 $aLE008 FL.M. GL. D 237$g1$i2008000489892$lle008$o-$pE0.00$q-$rl$s- $t0$u3$v0$w3$x0$y.i10437046$z27-06-02 996 $aDislessia e disturbi dell'apprendimento$9203307 997 $aUNISALENTO 998 $ale008$b01-01-95$cm$da $e-$fita$git $h0$i1